01565cam a22003737a 4500003000500000005001700005008004100022010001000063011001000073035001000083040000900093090001000102100004000112245015800152260004000310300001000350502007500360590003700435590004100472590004100513590004100554590004200595650004300637650005000680650004000730901000700770905002400777942000900801949005500810949004200865999001700907952014000924952012701064CHAP20220329141907.0980423d1998 mx r 00110 spa d a75382 a76354 a85937 cCHAP aTesis00aÁlvarez Aguilar, Andrés.98239410aEvaluación biológica y económica de tres alimentos comerciales para cerdos en la etapa de iniciación y crecimientoc/por Andrés Alvarez Aguilar aChapingo, Méx. :bEl autor,c1998 a54 h. aTesis (Ing. Agr. Esp. en Zootecnia) -- UACH. Departamento de Zootecnia aALEPHb10c20130110lUCH01h1424 aBATCH-UPDb10c20130110lUCH01h0828 aBATCH-UPDb10c20130410lUCH01h0505 aBATCH-UPDb10c20130914lUCH01h1523 aCONVERSIONb10c20130109lUCH01h134114aGanado porcinoxAlimentación.94532914aGanado porcinoxAspectos económicos.94533414aGanado porcinoxCrecimiento.945349 aBK aMayto Villalobos S. cFOLL bBCcTESd33724000588638eTS2fc.2h32668i85937sb bBCcTESd859371eTS1h32667i85937sb c75382d75382 00102local4053708TESISaBCbBCcPA_TESISd2019-12-31fTESISl0oTesisp33724000588638r2019-12-31 00:00:00tc.2w2019-12-31yTESIS 00102local4051708TESISaBCbBCcPA_TESISd2019-12-31fTESISl0oTesisp859371r2019-12-31 00:00:00w2019-12-31yTESIS